<?xml version="1.0" encoding="UTF-8"?>
<record
    xmlns:xsi="http://www.w3.org/2001/XMLSchema-instance"
    xsi:schemaLocation="http://www.loc.gov/MARC21/slim http://www.loc.gov/standards/marcxml/schema/MARC21slim.xsd"
    xmlns="http://www.loc.gov/MARC21/slim">

  <leader>00638nam a2200205 i 4500</leader>
  <controlfield tag="001">64450</controlfield>
  <controlfield tag="003">ES-MaACL</controlfield>
  <controlfield tag="005">20250524063046.0</controlfield>
  <controlfield tag="007">t|</controlfield>
  <controlfield tag="008">031224s1958    sp           ||||1| cat d</controlfield>
  <datafield tag="080" ind1=" " ind2=" ">
    <subfield code="a">849.9-311.2"19"</subfield>
  </datafield>
  <datafield tag="100" ind1="1" ind2=" ">
    <subfield code="a">Folch i Camarasa, Ramon, </subfield>
    <subfield code="d">1926-</subfield>
    <subfield code="9">51450</subfield>
  </datafield>
  <datafield tag="245" ind1="1" ind2="3">
    <subfield code="a">El meu germ&#xE0; gran / </subfield>
    <subfield code="c">Ram&#xF3;n Folch i Camarasa.</subfield>
  </datafield>
  <datafield tag="260" ind1=" " ind2=" ">
    <subfield code="a">Barcelona : </subfield>
    <subfield code="b">Albert, </subfield>
    <subfield code="c">[1958] (</subfield>
    <subfield code="e">Gerona : </subfield>
    <subfield code="f">Ind. Litogr&#xE1;fiques)</subfield>
  </datafield>
  <datafield tag="300" ind1=" " ind2=" ">
    <subfield code="a">185 p. ; </subfield>
    <subfield code="c">16 cm.</subfield>
  </datafield>
  <datafield tag="490" ind1="1" ind2=" ">
    <subfield code="a">Nova col&#xB7;lecci&#xF3; lletres ; </subfield>
    <subfield code="v">37</subfield>
  </datafield>
  <datafield tag="830" ind1="1" ind2=" ">
    <subfield code="a">Nova col&#xB7;lecci&#xF3; lletres ; </subfield>
    <subfield code="v">37</subfield>
    <subfield code="9">181917</subfield>
  </datafield>
  <datafield tag="852" ind1="4" ind2=" ">
    <subfield code="a">ES-MaACL</subfield>
    <subfield code="j">C-17113</subfield>
  </datafield>
  <datafield tag="999" ind1=" " ind2=" ">
    <subfield code="c">64450</subfield>
    <subfield code="d">64450</subfield>
  </datafield>
  <datafield tag="952" ind1=" " ind2=" ">
    <subfield code="0">0</subfield>
    <subfield code="1">0</subfield>
    <subfield code="4">0</subfield>
    <subfield code="7">0</subfield>
    <subfield code="a">ATENEOM</subfield>
    <subfield code="b">ATENEOM</subfield>
    <subfield code="c">Galer&#xED;a</subfield>
    <subfield code="d">2008-01-17</subfield>
    <subfield code="e">SC</subfield>
    <subfield code="l">0</subfield>
    <subfield code="o">C-17113</subfield>
    <subfield code="p">1067536</subfield>
    <subfield code="r">2023-02-23 00:00:00</subfield>
    <subfield code="w">2023-02-23</subfield>
    <subfield code="y">MONOGRAFIA</subfield>
  </datafield>
</record>
